| 000 | 01035 a2200157 4500 | ||
|---|---|---|---|
| 003 | NUST | ||
| 005 | 20230202122952.0 | ||
| 040 | _cNust | ||
| 082 | _a954,HIS | ||
| 245 |
_aA history of the Freedom Movement / _cEditor : Mahmud Husain and I H Qureshi |
||
| 260 |
_aKarachi _bHistorical Society _c1957 |
||
| 300 | _a630:p. | ||
| 505 | _aI.H Qureshi MA Phd (Page -1), Symptoms of Decline (Page -58), Successors of Alamgir (Page-75), Ahmad Shah Alamgir II and Shah Alam (Page-107), The Sikhs (Page-138), The Marathas (Page-164), The Nawab (Page-210), Asaf Jah I (Page-234), Shah Abdali and the Third Battle of Panipat (Page-257), The Rohillas (Page-303), Struggle in Bengal (Page-337), The East India Company (Page-380), Haider Ali (Page-399), Tipu Sultan I (Page-427), Tipu Sultan II (Page-465), Shah Wliullah I (Page-491), Shah waliullah II (Page-512), The Reforms Movement in Bengal (Page-542), Sayyid Ahmed Shahid I (Page-556), Sayyid Ahmed Shahid II (Page-581). | ||
| 650 |
_a Freedom Movement _9108466 |
||
| 942 |
_2ddc _cBK _k954,HIS |
||
| 999 |
_c187379 _d187379 |
||